00366nam a2200157Ia 4500003000400000005001700004008004100021040000700062041000800069082001600077100001800093245002700111260004900138300000900187650001200196OSt20260331142147.0250729s2011 xx 000 0 und d cAL akan a494.50 RAGK aL.Raghavendra aKannada bhasha kaipidi aBangalorebSri raghavendra Prakkashanac2011 a336p aKannada